The noble scholar, jurist, historian


 His Excellency Dr. Abdul Wahhab bin Ibrahim Abu Sulaiman, may Allah have mercy on him.


 He was born in Umm Al-Qura in the year 1356 AH.

المطالعة العربية / (Record no. 14322)

MARC details
000 -LEADER
fixed length control field 01047cam a2200253 i 4500
003 - CONTROL NUMBER IDENTIFIER
control field SA-RiAUC
005 - DATE AND TIME OF LATEST TRANSACTION
control field 20260211141849.0
008 - FIXED-LENGTH DATA ELEMENTS--GENERAL INFORMATION
fixed length control field 260124s1950 ua g 00000 ara c
040 ## - CATALOGING SOURCE
Original cataloging agency SA-RiAUC
Language of cataloging ara
Transcribing agency SA-RiAUC
Description conventions rda
082 04 - DEWEY DECIMAL CLASSIFICATION NUMBER
Classification number 410.71262
090 ## - LOCALLY ASSIGNED LC-TYPE CALL NUMBER (OCLC); LOCAL CALL NUMBER (RLIN)
Classification number (OCLC) (R) ; Classification number, CALL (RLIN) (NR) م ن 410.71262
Local cutter number (OCLC) ; Book number/undivided call number, CALL (RLIN) ن و ر
100 1# - MAIN ENTRY--PERSONAL NAME
Personal name النوري، إبراهيم سليمان،
Dates associated with a name 1325-1384 هجري
Relator term مؤلف.
245 12 - TITLE STATEMENT
Title المطالعة العربية /
Statement of responsibility, etc. إبراهيم سليمان النوري، إسحاق عزوز.
264 #1 - PRODUCTION, PUBLICATION, DISTRIBUTION, MANUFACTURE, AND COPYRIGHT NOTICE
Place of production, publication, distribution, manufacture القاهرة :
Name of producer, publisher, distributor, manufacturer مكتبه الاقتصاد،
Date of production, publication, distribution, manufacture, or copyright notice 1950
300 ## - PHYSICAL DESCRIPTION
Extent مجلدات ؛
Dimensions 29 سم
336 ## - CONTENT TYPE
Content type term نص
Content type code txt
Source rdacontent
Materials specified كتاب
337 ## - MEDIA TYPE
Media type term بدون وسيط
Media type code n
Source rdamedia
338 ## - CARRIER TYPE
Carrier type term مجلد
Carrier type code nc
Source rdacarrier
650 #7 - SUBJECT ADDED ENTRY--TOPICAL TERM
Topical term or geographic name entry element اللغة العربية
General subdivision دراسة وتعليم
Source of heading or term aucsh
650 #7 - SUBJECT ADDED ENTRY--TOPICAL TERM
Topical term or geographic name entry element التعليم الابتدائي
Source of heading or term aucsh
700 1# - ADDED ENTRY--PERSONAL NAME
Personal name المكي، إسحاق بن عقيل بن محمد،
Dates associated with a name 1330-1415 هجري
Relator term مؤلف.
942 ## - ADDED ENTRY ELEMENTS (KOHA)
Source of classification or shelving scheme Dewey Decimal Classification
Koha item type كتاب مصور نادر
Suppress in OPAC No
949 ## - LOCAL PROCESSING INFORMATION (OCLC)
a SA-JeALM
d 260124
u mohamedma123
n 1
Holdings
Withdrawn status Lost status Source of classification or shelving scheme Materials specified (bound volume or other part) Damaged status Not for loan Home library Current library Date acquired Total checkouts Full call number Barcode Date last seen Price effective from Koha item type
    Dewey Decimal Classification الجزء الثاني     DR AbdElwahab Library DR AbdElwahab Library 02/11/2026   م ن 410.71262 ن و ر 000022734 02/11/2026 02/11/2026 كتاب مصور نادر
    Dewey Decimal Classification الجزء الثاني     DR AbdElwahab Library DR AbdElwahab Library 03/15/2026   م ن 410.71262 ن و ر 000023095 03/15/2026 03/15/2026 كتاب مصور نادر